000 00790nam a22002297a 4500
003 BUBTL
008 211003b ||||| |||| 00| 0 eng d
020 _a0393097919
082 _a823.8/ H2222r/ 1969
100 _94217
_aHardy, Thomas
245 _a The return of the native :
_bauthoritative text, background, criticism /
_cThomas Hardy, James Gindin
250 _a1st Edn.
260 _aNew York:
_bW.W. Norton,
_cc1969
300 _a500 p. :
_c20 cm.
440 _94237
_aA Norton Critical Edition.
505 _a The return of the native, authoritative text, background, criticism, Thomas Hardy, James Gindin
650 0 _91994
_aEnglish Literature
700 _94238
_aGindin, James
856 _k0
_l0
_yDownload
942 _2ddc
_cBK
999 _c6550
_d6550